000 00696nam a22002651 4500
999 _c8531
_d8531
001 8531
003 BD - JhCC
005 20180226195116.0
008 930402s1987 enka 000 0 eng d
020 _a0521271282
035 _a(BD-JhCC)8531
040 _aBD-JhCC
_dBD-JhCC
041 _aeng
050 0 _aQC23
082 _a530
_219
_bROW 1987
100 1 _aRowell, Gilbert,
_d1938-
245 1 0 _aPhysics :
_ba course for GCSE /
_cGilbert Rowell, Sidney Herbert
260 _aCambridge :
_bCambridge University Press,
_c1987
300 _av, 409 p :
_bill ;
_c28 cm
504 _aIncludes index
650 0 _aPhysics
700 1 _aHerbert, Sidney.
942 _2ddc
_cBK